Traduction de vocabulaire italien #1 - Statistiques

Statistiques générales
  • Ce quiz a été pris 51 fois
  • Le résultat moyen est 12 sur 20
Statistiques - réponses
Français Italien % Correct
Rouge Rosso
88%
Vie Vità
88%
Ville Città
81%
Manger Mangiare
81%
Mer Mare
81%
Bouche Bocca
76%
Soleil Sole
64%
Etoile Stella
64%
Cheveu Cappello
60%
Tour Torre
60%
Jaune Giallo
57%
Tête Testa
57%
Jupe Gonna
50%
Pied Piede
50%
Pauvre Povero
50%
Cheval Cavallo
48%
Arbre Albero
43%
Doigt Dito
40%
Mouche Mosca
40%
Fleuve Fiume
33%
Aucun quiz correspondant
Distribution des résultats
% des personnes avec chaque résultat
Percentile par nombre de réponses
Votre historique - résultats
Vous n’avez pas pris ce quiz